Statistics for Bordering Countries by Flag #15

Click here to take the quiz!

General Stats

  • This quiz has been taken 59 times
  • The average score is 5 of 5

Answer Stats

Country% Correct
Rwanda
100%
D.R. Congo
98%
Kenya
96%
South Sudan
96%
Tanzania
96%

Score Distribution

Percentile by Number Answered

Percent of People with Each Score

Your Score History

You have not taken this quiz